000 00264nam a22001217a 4500
082 _a823
_bUNK/D
100 _aUNKNOWN
245 _aDRAMAS FOR YOUTH AND CHILDREN
260 _aBOMBAY
_bPAULINE
_c1998
300 _a132
650 _aENGLISH STORY
_zINDIA
942 _cBK
999 _c7594
_d7594